书目信息 |
| 题名: |
举重
|
|
| 作者: | 崔兆新 编著 | |
| 分册: | ||
| 出版信息: | 北京 知识出版社 1998.06 |
|
| 页数: | 129页 | |
| 开本: | 32开 | |
| 丛书名: | ||
| 单 册: | ||
| 中图分类: | G884 | |
| 科图分类: | ||
| 主题词: | 体育 | |
| 电子资源: | ||
| ISBN: | 7-5015-1682-0 | |
| 000 | 00509nam0 2200193 45 | |
| 001 | 0010231832 | |
| 005 | 20001023185758.1 | |
| 010 | @a7-5015-1682-0@d4.00元 | |
| 100 | @a20001023d1998 km y0chiy0120 ea | |
| 101 | 0 | @achi |
| 105 | @a z 000yy | |
| 200 | 1 | @a举重@AJu Zhong@f崔兆新编著@FCui Zhao Xin Bian Zhu |
| 210 | @a北京@c知识出版社@d1998.06 | |
| 215 | @a129页@d32开 | |
| 606 | 0 | @a体育 |
| 690 | @aG884@v3 | |
| 701 | 0 | @a崔兆新@4编著 |
| 801 | @aCN@bPftUser@c20001023 | |
| 905 | @b184559-563@dG884@eC903@f5 | |
| 举重/崔兆新编著.-北京:知识出版社,1998.06 |
| 129页;32开 |
| ISBN 7-5015-1682-0:4.00元 |
| ● |
| 相关链接 |
|
|
|
正题名:举重
索取号:G884/C903
 
预约/预借
| 序号 | 登录号 | 条形码 | 馆藏地/架位号 | 状态 | 备注 |
| 1 | 184559 | 201845593 | 社科库409/409社科库 27排2列1层/ [索取号:G884/C903] | 在馆 | |
| 2 | 184560 | 201845600 | 社科库409/309社科库 37排3列3层/ [索取号:G884/C903] | 在馆 | |
| 3 | 184561 | 201845619 | 社科库409/409社科库 27排2列1层/ [索取号:G884/C903] | 在馆 | |
| 4 | 184562 | 201845628 | 社科库409/409社科库 27排2列1层/ [索取号:G884/C903] | 在馆 | |
| 5 | 184563 | 201845637 | 社科库409/409社科库 27排2列1层/ [索取号:G884/C903] | 在馆 |